| 000 | 01710cam a22003374a 4500 | ||
|---|---|---|---|
| 001 | 16370654 | ||
| 003 | OSt | ||
| 005 | 20231026115448.0 | ||
| 008 | 100729s2011 paua fb 000 0 eng | ||
| 010 | _a 2010032323 | ||
| 020 | _a0781774659 | ||
| 035 | _a(DNLM)101537032 | ||
| 040 |
_aDNLM/DLC _cDLC _dDLC |
||
| 042 | _apcc | ||
| 050 | 0 | 0 |
_aRT51 _b.L96 2011 |
| 060 | 1 | 0 | _aWY 49 |
| 082 | _aWY 100 L99t 2008 | ||
| 100 | 1 |
_aLynn, Pamela _911763 |
|
| 245 | 1 | 0 |
_aTaylor's Handbook of Clinical Nursing Skills: a nursing process approach _b |
| 260 |
_aPhiladelphia; _bWolters Kluwer, _c2008. |
||
| 300 |
_axv, 990 p. : _bcol. ill. ; _c19 cm. |
||
| 500 | _aAbridgement of: Taylor's clinical nursing skills / Pamela Lynn. 3rd ed. c2011. | ||
| 520 |
_a"Taylor's Handbook of Clinical Nursing Skills is a step-by-step guide to basic and advanced nursing skills. This book will be a quick reference tool for review of cognitive and technical knowledge and will assist students and practicing nurses to provide safe and effective healthcare. It is an ideal companion to any nursing skills or nursing fundamentals text, including Lynn, Taylor's Clinical Nursing Skills and Taylor, Fundamentals of Nursing: The Art and Science of Nursing Care"-- _cProvided by publisher. |
||
| 650 | 1 | 2 |
_aNursing Process _911764 |
| 650 | 2 | 2 |
_aclinical nursing skills _911765 |
| 856 | 4 | 2 |
_3Publisher description _uhttp://www.loc.gov/catdir/enhancements/fy1116/2010032323-d.html |
| 856 | 4 | 1 |
_3Table of contents only _uhttp://www.loc.gov/catdir/enhancements/fy1116/2010032323-t.html |
| 906 |
_a7 _bcbc _corignew _d1 _eecip _f20 _gy-gencatlg |
||
| 942 |
_2z _cO_SHELF |
||
| 999 |
_c5644 _d5644 |
||